000 01241naa a22003017a 4500
001 BR9405933
003 BR-BrBNA
005 20240918181255.0
007 ta
008 230509b bl.||||| |||| 00| 0 por d
040 _aBR-BrBNA
_bpor
_cBiblioteca Nacional de Agricultura
041 _a(Pt)
072 _aK10; U10
090 _aK10 BR9405933
100 1 _aMendes, J.B.
100 1 _aBom, R.P.
111 1 _a2. Encontro Brasileiro de Economia e Planejamento Florestal
_cCuritiba, PR (Brazil)
_d30 Sep - 4 Oct 1991
245 1 _aPLANNAT - Sistema de apoio a planos de manejo
260 3 _aColombo, PR (Brasil):
_c1992.
500 _a2. Encontro Brasileiro de Economia e Planejamento Florestal. Anais. V. 2: Trabalhos voluntarios: economia, planejamento e politica florestal Colombo, PR (Brasil): 1992. p. 255-277 (BR9405933-AM)K10
650 _aFloresta
650 _aManejo
650 _aInventario Florestal
650 _aPrograma de Computador
773 0 _t2. Encontro Brasileiro de Economia e Planejamento Florestal. Anais. V. 2: Trabalhos voluntarios: economia, planejamento e politica florestal
_wK10 BR9405933
_gColombo, PR (Brasil), 1992. p. 255-277
909 _a202404
_bLucia
_c55
_dLucia Elande
942 _cAM
_2AGRIS
999 _c324480
_d324480